Vista normal
Vista MARC
Entrada Personal Name
Número de registros utilizados en: 1
001 - CONTROL NUMBER
- control field: 8143
003 - CONTROL NUMBER IDENTIFIER
- control field: DLC
005 - DATE AND TIME OF LATEST TRANSACTION
- control field: 20180924100604.0
008 - FIXED-LENGTH DATA ELEMENTS
- fixed length control field: 970508n| acannaabn |a aaa c
010 ## - LIBRARY OF CONGRESS CONTROL NUMBER
- LC control number: no 97028385
035 ## - SYSTEM CONTROL NUMBER
- System control number: (OCoLC)oca04336273
040 ## - CATALOGING SOURCE
- Original cataloging agency: NNC
- Language of cataloging: spa
- Transcribing agency: Mx-PuUPA
- Modifying agency: DLC
- Modifying agency: OCoLC
- Modifying agency: Mx-PuUPA
053 #0 - LC CLASSIFICATION NUMBER
- Classification number element--single number or beginning number of span: PQ6657.O585
100 1# - HEADING--PERSONAL NAME
- Personal name: González Rodríguez, Francisco,
- Dates associated with a name: 1963-
375 ## - GENDER
- Gender: hombre
400 1# - SEE FROM TRACING--PERSONAL NAME
- Personal name: Rodríguez, Francisco González,
- Dates associated with a name: 1963-
670 ## - SOURCE DATA FOUND
- Source citation: El alimento del pecado, 1997:
- Information found: t.p. (Francisco González Rodríguez) p. 4 of cover (b. 1963 in Madrid; information specialist, lives in Mallorca)
- Uniform Resource Identifier: https://goo.gl/BN3VkW
670 ## - SOURCE DATA FOUND
- Source citation: Biblioteca del congreso (Estados Unidos), 24 septiembre 2018:
- Information found: catálogo electrónico